000 00558nam a22001937a 4500
005 20251108173324.0
008 250721s1997 xx 000 0 ara d
082 1 4 _aم/ط/523/فيش
100 1 _aفيشر، لروس كينغ
245 1 0 _aالكون /
264 _bلاروس بلس،
_c1997.
300 _a56 ص.
490 0 _aالموسوعة الجديدة للتلميذ
_v1
650 1 7 _aعلم الكونيات
650 1 7 _aنشوء الكون
653 _aناشئون صغار (10-14 سنة )
942 _2ddc
_cREF
999 _c101230
_d101230